| 000 | 01436nam a2200361Ia 4500 | ||
|---|---|---|---|
| 001 | ebr10251424 | ||
| 003 | CaPaEBR | ||
| 006 | m u | ||
| 007 | cr cn||||||||| | ||
| 008 | 080220s2008 enkab sb 001 0 eng d | ||
| 020 | _z1841501891 | ||
| 020 | _z9781841501895 | ||
| 020 | _z184150257X | ||
| 020 | _z9781841502571 | ||
| 040 |
_aCaPaEBR _cCaPaEBR |
||
| 035 | _a(OCoLC)560627065 | ||
| 050 | 1 | 4 |
_aNX180.A77 _bA78 2008eb |
| 245 | 0 | 0 |
_aArt, community and environment _h[electronic resource] : _beducational perspectives / _cedited by Glen Coutts and Timo Jokela. |
| 260 |
_aBristol, UK ; _aChicago : _bIntellect, _c2008. |
||
| 300 |
_axiii, 314 p. : _bill. (chiefly col.), col. map. |
||
| 490 | 1 |
_aReadings in art and design education series, _x1747-6208 |
|
| 504 | _aIncludes bibliographical references and index. | ||
| 533 |
_aElectronic reproduction. _bPalo Alto, Calif. : _cebrary, _d2011. _nAvailable via World Wide Web. _nAccess may be limited to ebrary affiliated libraries. |
||
| 650 | 0 | _aCommunity arts projects. | |
| 650 | 0 |
_aArts _xStudy and teaching. |
|
| 650 | 0 | _aEnvironment (Art) | |
| 655 | 7 |
_aElectronic books. _2local |
|
| 700 | 1 | _aCoutts, Glen. | |
| 700 | 1 | _aJokela, Timo. | |
| 710 | 2 | _aebrary, Inc. | |
| 830 | 0 | _aReadings in art and design education series. | |
| 856 | 4 | 0 |
_uhttp://site.ebrary.com/lib/rucke/Doc?id=10251424 _zAn electronic book accessible through the World Wide Web; click to view |
| 999 |
_c35841 _d35841 |
||